000 00477nam a2200181Ia 4500
001 4618
005 20260306145809.0
008 260306t1997||||xx |||||||||||||| ||spa||
041 _aESP
082 _a327.85
_bB38 1997
100 _aBelaúnde, Víctor Andrés
_eAUT
245 0 _aLa constitución inicial del Perú ante el derecho internacional
260 _c1997
300 _axvii, 387 páginas :
_c24 cm.
650 _aGEN
654 _aCHU
942 _cLIB
_dJUS
_fJUS
_2ddc
_n
999 _c4618
_d4618